000 00895nam a2200205Ia 4500
008 0000001984 py a 0000000000spa00
090 _aPPY00 C17e1
100 1 _aCareaga, Enrique
_d1944
245 1 0 _aEnrique Careaga
_b: experiencia y desarrollo
_c/ fotografías Oscar Salazar, Yaryes, Juan Manuel Prieto
300 _a[12] p.
_c/ 29 cm.
500 _aExposición realizada en Galería Agustín Barrios, Centro Cultural Paraguayo, Asunción, Junio 630, 1984 \ Con el patronazgo de la empresa colombiana PLARESA
600 0 0 _aCAREAGA, ENRIQUE, 1944/
_xTRABAJOS PICTORICOS
650 1 4 _aARTE CONTEMPORANEO PARAGUAYO
650 1 4 _xCATALOGOS
650 1 4 _xEXPOSICIONES
650 1 4 _aPINTORES PARAGUAYOS
650 1 4 _aPINTURA PARAGUAYA
700 1 _aSalazar Yaryes, Oscar \ Prieto, Juan Manuel
999 _c7724
_d7724
260 _aAsunción (Paraguay) : Centro Cultural Paraguayo Americano
_c1984